[Event "ESP-ch U14 rapid"]
[Site "Salobrena"]
[Date "2023.07.23"]
[Round "5"]
[White "Galiana Fernandez, Hector"]
[Black "Sergooris, Danail Jurgen"]
[Result "0-1"]
[WhiteElo "1476"]
[BlackElo "1675"]
[PlyCount "82"]
[EventDate "2023.07.22"]
[EventType "swiss (rapid)"]
[EventRounds "9"]
[EventCountry "ESP"]
[SourceTitle "EXT 2024"]
[Source "ChessBase"]
[SourceDate "2023.10.10"]
[SourceVersion "1"]
[SourceVersionDate "2023.10.10"]
[SourceQuality "1"]

1. e4 e5 2. Nf3 d6 3. d4 exd4 4. Nxd4 Nf6 5. Nc3 Be7 6. Be2 0-0 7. 0-0 Re8 8. Be3 Bf8 9. Qd3 Nbd7 10. f4 Nc5 11. Qc4 Nfxe4 12. Bf3 c6 13. Nxe4 Nxe4 14. Rad1 d5 15. Qb3 Nc5 16. Qc3 Ne6 17. Nb3 Nc7 18. a4 Bd6 19. Rfe1 Bf5 20. Nc5 Bxc5 21. Qxc5 Be4 22. Bxe4 Rxe4 23. b3 Ne6 24. Qc3 Nxf4 25. Bd4 Rxe1+ 26. Rxe1 Ne6 27. Be5 Qb6+ 28. Kh1 d4 29. Qg3 Qd8 30. h4 c5 31. Rd1 f6 32. Bd6 Qd7 33. b4 b6 34. bxc5 bxc5 35. Qf3 Rd8 36. Bg3 Qd5 37. Qe2 Re8 38. c3 Re7 39. cxd4 cxd4 40. Rd3 Nf4 41. Qxe7 Qxg2# 0-1

[Event "ESP-ch U14 rapid"]
[Site "Salobrena"]
[Date "2023.07.22"]
[Round "4"]
[White "Jimenez Carrazoni, Marta Elena"]
[Black "Galiana Fernandez, Hector"]
[Result "1/2-1/2"]
[WhiteElo "1638"]
[BlackElo "1476"]
[PlyCount "138"]
[EventDate "2023.07.22"]
[EventType "swiss (rapid)"]
[EventRounds "9"]
[EventCountry "ESP"]
[SourceTitle "EXT 2024"]
[Source "ChessBase"]
[SourceDate "2023.10.10"]
[SourceVersion "1"]
[SourceVersionDate "2023.10.10"]
[SourceQuality "1"]

1. d4 Nf6 2. c4 g6 3. Nc3 d5 4. cxd5 Nxd5 5. Bd2 Bg7 6. e4 Nxc3 7. Bxc3 0-0 8. Nf3 Bg4 9. Be2 Nc6 10. d5 Bxf3 11. Bxf3 Ne5 12. 0-0 Qd6 13. Be2 Rfd8 14. Rc1 e6 15. f4 Qb6+ 16. Kh1 Nc6 17. Bf3 exd5 18. exd5 Nd4 19. Bxd4 Bxd4 20. b3 Be3 21. Rc4 c6 22. d6 Rd7 23. f5 Bc5 24. Qc2 Bxd6 25. fxg6 hxg6 26. Bg4 Re7 27. Qd2 Be5 28. Qg5 Rae8 29. Rcc1 Bg7 30. Rcd1 Qe3 31. Qa5 Bc3 32. Qa3 Qg5 33. Bf3 Re1 34. Qxa7 Rxd1 35. Rxd1 Qd2 36. Rxd2 Re1+ 37. Qg1 Rxg1+ 38. Kxg1 Bxd2 39. Kf2 Kf8 40. Ke2 Bb4 41. Kd3 Ke7 42. Kc4 Bd6 43. h3 g5 44. b4 b5+ 45. Kc3 c5 46. a3 Kd7 47. Kb3 c4+ 48. Kc3 Be5+ 49. Kc2 Kd6 50. Bh5 Ke7 51. Bf3 Kd6 52. Bh5 Ke7 53. Be2 f5 54. a4 bxa4 55. Bxc4 Kd6 56. Kd3 Kc6 57. Kc2 Bf6 58. Kb1 Bc3 59. b5+ Kc5 60. Be2 f4 61. Ka2 Bb4 62. Bd3 Kd4 63. Bg6 Kc5 64. Be8 Kb6 65. Bc6 Kc5 66. Kb2 Kd6 67. Be8 Ke7 68. Bh5 Kd6 69. Be2 Kc5 1/2-1/2

[Event "ESP-ch U14"]
[Site "Salobrena"]
[Date "2023.07.19"]
[Round "5"]
[White "Vioque Gonzalez, Nicolas"]
[Black "Galiana Fernandez, Hector"]
[Result "1-0"]
[WhiteElo "1954"]
[BlackElo "1737"]
[PlyCount "69"]
[EventDate "2023.07.17"]
[EventType "swiss"]
[EventRounds "9"]
[EventCountry "ESP"]
[SourceTitle "EXT 2024"]
[Source "ChessBase"]
[SourceDate "2023.10.10"]
[SourceVersion "1"]
[SourceVersionDate "2023.10.10"]
[SourceQuality "1"]

1. d4 Nf6 2. Nc3 d5 3. Bg5 c5 4. Bxf6 gxf6 5. e3 Nc6 6. Qh5 e6 7. Nf3 Qb6 8. 0-0-0 Bd7 9. Be2 a6 10. g4 c4 11. g5 f5 12. Nh4 Bg7 13. Rhg1 Qc7 14. Bf3 Ne7 15. Kd2 Ng6 16. Kc1 Qxh2 17. Nxf5 Qxf2 18. Rg2 Qxg2 19. Nxg7+ Kf8 20. Nxe6+ fxe6 21. Bxg2 Ke7 22. Qh6 Rag8 23. Rf1 Be8 24. Rf6 Bf7 25. e4 dxe4 26. Bxe4 Nf8 27. Rxf7+ Kxf7 28. Qf6+ Ke8 29. Bxb7 h6 30. Bc6+ Nd7 31. Qxe6+ Kf8 32. Qxd7 Rxg5 33. Qe8+ Kg7 34. Qe7+ Kg6 35. Be8+ 1-0

[Event "ESP-ch U14"]
[Site "Salobrena"]
[Date "2023.07.17"]
[Round "2"]
[White "Galiana Fernandez, Hector"]
[Black "Vidondo Aguirrebalzategui, Antso"]
[Result "1-0"]
[WhiteElo "1737"]
[BlackElo "1274"]
[PlyCount "59"]
[EventDate "2023.07.17"]
[EventType "swiss"]
[EventRounds "9"]
[EventCountry "ESP"]
[SourceTitle "EXT 2024"]
[Source "ChessBase"]
[SourceDate "2023.10.10"]
[SourceVersion "1"]
[SourceVersionDate "2023.10.10"]
[SourceQuality "1"]

1. e4 d5 2. exd5 Qxd5 3. Nc3 Qd6 4. d4 Nf6 5. Nf3 g6 6. Bc4 a6 7. Ng5 e6 8. 0-0 Bg7 9. d5 e5 10. Re1 0-0 11. Be3 Bf5 12. h3 h6 13. Nf3 g5 14. Qd2 Nbd7 15. Rad1 Bg6 16. Bb3 Rad8 17. Qe2 Nh7 18. Nd2 Kh8 19. Nde4 Qe7 20. d6 cxd6 21. Nxd6 b5 22. Nce4 f5 23. Nc5 Rf6 24. Ndb7 Rff8 25. Nxd8 Rxd8 26. Nxa6 f4 27. Bc5 Nxc5 28. Rxd8+ Qxd8 29. Nxc5 Qd4 30. Ne6 1-0

[Event "ESP-ch U12"]
[Site "Salobrena"]
[Date "2021.07.09"]
[Round "7"]
[White "Vilarino Lorenzo, Uxio"]
[Black "Galiana Fernandez, Hector"]
[Result "1-0"]
[WhiteElo "1424"]
[BlackElo "1157"]
[PlyCount "45"]
[EventDate "2021.07.05"]
[EventType "swiss"]
[EventRounds "9"]
[EventCountry "ESP"]
[SourceTitle "EXT 2022"]
[Source "ChessBase"]
[SourceDate "2021.10.06"]
[SourceVersion "1"]
[SourceVersionDate "2021.10.06"]
[SourceQuality "1"]

1. e4 e5 2. Nf3 Nc6 3. d4 exd4 4. c3 Nf6 5. e5 Nd5 6. Bc4 Nb6 7. Bb3 dxc3 8. Nxc3 Bb4 9. Ng5 Nxe5 10. f4 f6 11. fxe5 fxg5 12. 0-0 Rf8 13. Qh5+ g6 14. Rxf8+ Bxf8 15. Qxh7 d5 16. exd6 Qxd6 17. Qf7+ Kd8 18. Bxg5+ Be7 19. Rd1 Bd7 20. Qf8+ Be8 21. Qxe7+ Kc8 22. Qd8+ Qxd8 23. Rxd8# 1-0

[Event "Pontevedra op-B 6th"]
[Site "Pontevedra"]
[Date "2018.08.10"]
[Round "4"]
[White "Paniagua Curt, Jaime"]
[Black "Galiana Fernandez, Hector"]
[Result "1-0"]
[WhiteElo "1085"]
[BlackElo "1193"]
[PlyCount "62"]
[EventDate "2018.08.08"]
[EventType "swiss"]
[EventRounds "9"]
[EventCountry "ESP"]
[SourceTitle "CBM 186 Extra"]
[Source "ChessBase"]
[SourceDate "2018.08.24"]
[SourceVersion "1"]
[SourceVersionDate "2018.08.24"]
[SourceQuality "1"]

1. e4 e5 2. Nf3 Nc6 3. Bc4 Bc5 4. Nc3 Nf6 5. 0-0 0-0 6. d3 h6 7. a3 d6 8. b4 Bb6 9. Nd5 Be6 10. Nxf6+ Qxf6 11. c3 Bxc4 12. dxc4 Qe6 13. b5 Na5 14. Nh4 Nxc4 15. Nf5 Qg6 16. Ne7+ Kh7 17. Nxg6 fxg6 18. Qd5 Na5 19. c4 Nb3 20. Ra2 Nd4 21. Qxb7 a6 22. bxa6 Ra7 23. Qd5 Bc5 24. Qb7 Rxb7 25. axb7 Rb8 26. a4 Rxb7 27. Bd2 Ra7 28. a5 Nb3 29. Rd1 Ra6 30. Be3 Nd4 31. Bxd4 Bxd4 1-0

[Event "Pontevedra op-B 6th"]
[Site "Pontevedra"]
[Date "2018.08.08"]
[Round "1"]
[White "Galiana Fernandez, Hector"]
[Black "Martins, Jose Carlos Caetano"]
[Result "0-1"]
[WhiteElo "1193"]
[BlackElo "1678"]
[PlyCount "80"]
[EventDate "2018.08.08"]
[EventType "swiss"]
[EventRounds "9"]
[EventCountry "ESP"]
[SourceTitle "CBM 186 Extra"]
[Source "ChessBase"]
[SourceDate "2018.08.24"]
[SourceVersion "1"]
[SourceVersionDate "2018.08.24"]
[SourceQuality "1"]

1. e4 c5 2. Nc3 Nc6 3. f4 g6 4. Nf3 Bg7 5. Bb5 e6 6. Bxc6 bxc6 7. d3 Ne7 8. 0-0 0-0 9. Qe1 Ba6 10. Qh4 f5 11. Ng5 h6 12. Nf3 d6 13. h3 fxe4 14. Nxe4 Nf5 15. Qxd8 Rfxd8 16. g4 Nd4 17. Rf2 Nxc2 18. Nxc5 dxc5 19. Rxc2 Rxd3 20. Ne5 Bxe5 21. fxe5 Rd1+ 22. Kh2 Rf8 23. Rxc5 Rf2+ 24. Kg3 Rdf1 25. Be3 Rf3+ 26. Kg2 Rxe3 27. Rxf1 Bxf1+ 28. Kxf1 Rxh3 29. Rxc6 Rg3 30. Rxe6 Rxg4 31. Kf2 Kf7 32. Rf6+ Ke7 33. Kf3 Rg1 34. Kf2 Rg5 35. Ke3 Rxe5+ 36. Kf4 Kxf6 37. a4 Rh5 38. Kg4 Rh1 39. b4 Ra1 40. a5 Rg1+ 0-1